Statistics for U.S. State Capital Flags

Click here to take the quiz!

General Stats

  • This quiz has been taken 32 times
  • The average score is 28 of 51

Answer Stats

Answer% Correct
Boise
93%
Baton Rouge
80%
Bismarck
80%
Harrisburg
80%
Honolulu
80%
Montgomery
80%
Saint Paul
80%
Tallahassee
80%
Augusta
73%
Austin
73%
Carson City
73%
Concord
73%
Frankfort
73%
Hartford
73%
Jefferson City
73%
Juneau
73%
Lansing
73%
Little Rock
73%
Oklahoma City
73%
Springfield
73%
Boston
67%
Cheyenne
67%
Olympia
67%
Phoenix
67%
Providence
67%
Sacramento
67%
Santa Fe
67%
Pierre
60%
Raleigh
60%
Trenton
60%
Atlanta
53%
Columbus
53%
Denver
53%
Dover
53%
Charleston
47%
Nashville
47%
Montpelier
40%
Albany
33%
Indianapolis
33%
Salt Lake City
33%
Helena
27%
Annapolis
20%
Des Moines
20%
Jackson
20%
Lincoln
20%
Columbia
13%
Madison
13%
Richmond
13%
Salem
13%
San Juan
7%
Topeka
7%

Score Distribution

Percentile by Number Answered

Percent of People with Each Score

Your Score History

You have not taken this quiz